Los adolescentes del siglo xxi : los consumos culturales en un mundo de pantallas /

Guardado en:
Autor Principal: Morduchowicz, Roxana
Formato: Libro
Publicado: Buenos Aires : Fondo de Cultura Económica, 2013
Series:Popular, 117
Materias:
Tic
Etiquetas: Agregar Etiqueta
Sin Etiquetas, Sea el primero en etiquetar este registro!
LEADER 01085nam a22002295a 4500
001 CEM.cems013971
005 20130606151301.0
008 130507s2013##################000#0#####d
003 CEMS
020 |a 9789505579624 
082 0 4 |a 301.153 
100 1 |a Morduchowicz, Roxana 
245 1 0 |a Los adolescentes del siglo xxi :  |b los consumos culturales en un mundo de pantallas /  |c Roxana Morduchowicz 
260 |a Buenos Aires :  |b Fondo de Cultura Económica,  |c 2013 
300 |a 110 p. 
490 0 |a Popular, 117 
505 0 |a 1.- Más visuales que nunca -- 2.- Tres pantallas: La televisión, el celular, la computadora -- 3.- Lectores, pero diferentes -- 4.- Cinéfilos de la acción y el terror -- 5.- Propietarios tecnológicos -- 6.- Desafiantes y rebeldes -- 7.- Conectados todo el día -- 8.- Visibles y desinhibidos -- 9.- Autoinmunes y expertos -- 10.- Multimediáticos y optimistas.- 
653 |a Adolescencia 
653 |a Comunicación 
653 |a Tecnologias de información y comunicación 
653 |a Tic 
859 |a CEMS  |b BIB. CEMS - 11 de abril  |h 301.153  |i M812-2  |p 26673.13  |t Ej.1